| 000 | 04098nam a22004097a 4500 | ||
|---|---|---|---|
| 005 | 20100629141657.0 | ||
| 010 | _aHIN-89579 B-426911-921 | ||
| 020 |
_a9789350001592 _c425.00 |
||
| 035 | _aHN-61925 | ||
| 035 | _aB-426911-921 | ||
| 037 | _bDBAD / PUB | ||
| 037 | _bएलाईड पब्लिशर्स | ||
| 082 | _aक | ||
| 100 |
_aकुप्रीन, अलेक्सांद्र _927162 |
||
| 245 |
_aरत्न-कंगन तथा अन्य कहानियाँ: _cअलेक्सांद्र कुप्रीन; निर्मल वर्मा द्वारा अनुदित _b(रूसी कथा-साहित्य) / |
||
| 246 |
_aRatn-Kangan Tatha Anya Kahaniyan/ _bby Aleksander Kuprin; ed.by Nirmal Verma |
||
| 260 |
_aनई दिल्ली _bवाणी प्रकाशन _c2010 |
||
| 270 |
_a4695, 21-ए, दरियागंज _bनई दिल्ली _e110002 |
||
| 300 |
_a294पृ _c22सेमी (सजिल्द) |
||
| 650 |
_aलघु कथाएँ, हिन्दी _91169 |
||
| 650 |
_aShort Stories, Hindi _927163 |
||
| 700 |
_aवर्मा, निर्मल _920045 |
||
| 942 |
_2ddc _cHN _mकुप्रीन _hक |
||
| 999 |
_c36768 _d36768 |
||